Hegel and the spirit: philosophy as pneumatology
| Main Author: | |
|---|---|
| Format: | Print Book |
| Language: | English |
| Subito Delivery Service: | Order now. |
| Check availability: | HBZ Gateway |
| WorldCat: | WorldCat |
| Interlibrary Loan: | Interlibrary Loan for the Fachinformationsdienste (Specialized Information Services in Germany) |
| Published: |
Princeton, N.J.
Princeton Univ. Press
1992
|
| In: | Year: 1992 |
| Standardized Subjects / Keyword chains: | B
Hegel, Georg Wilhelm Friedrich 1770-1831
/ Spirit
B Hegel, Georg Wilhelm Friedrich 1770-1831 / Spirit / Philosophy |
| Further subjects: | B
Hegel, Georg Wilhelm Friedrich (1770-1831)
B Spirit History 19th century |
| Online Access: |
Verlagsangaben (Publisher) |
MARC
| LEADER | 00000cam a2200000 c 4500 | ||
|---|---|---|---|
| 001 | 110468562 | ||
| 003 | DE-627 | ||
| 005 | 20251219221349.0 | ||
| 007 | tu | ||
| 008 | 921118s1992 xxu||||| 00| ||eng c | ||
| 016 | 7 | |a 0691074119 |2 UK | |
| 020 | |a 0691074119 |c hard : $24.95 |9 0-691-07411-9 | ||
| 024 | 8 | |a 91041996 |q Identnummer | |
| 035 | |a (DE-627)110468562 | ||
| 035 | |a (DE-576)029323649 | ||
| 035 | |a (DE-599)GBV110468562 | ||
| 035 | |a (OCoLC)24792910 | ||
| 035 | |a (OCoLC)24792910 | ||
| 035 | |a (DE-604)8066186307 | ||
| 040 | |a DE-627 |b ger |c DE-627 |e rakwb | ||
| 041 | |a eng | ||
| 044 | |c XD-US | ||
| 050 | 0 | |a B2949.S75 | |
| 082 | 0 | |a 193 |q LOC |2 20 | |
| 084 | |a 1 |2 ssgn | ||
| 084 | |a CG 4077 |2 rvk |0 (DE-625)rvk/18223:11616 | ||
| 100 | 1 | |a Olson, Alan M. |4 aut | |
| 245 | 1 | 0 | |a Hegel and the spirit |b philosophy as pneumatology |c Alan M. Olson |
| 264 | 1 | |a Princeton, N.J. |b Princeton Univ. Press |c 1992 | |
| 300 | |a XIV, 223 S |c 24 cm | ||
| 336 | |a Text |b txt |2 rdacontent | ||
| 337 | |a ohne Hilfsmittel zu benutzen |b n |2 rdamedia | ||
| 338 | |a Band |b nc |2 rdacarrier | ||
| 500 | |a Includes bibliographical references (p. [205]-209) and index | ||
| 583 | 1 | |a Archivierung/Langzeitarchivierung gewährleistet |f SLG |x XA-DE-BW |z HA |2 pdager |5 DE-24 | |
| 600 | 1 | 0 | |a Hegel, Georg Wilhelm Friedrich |d 1770-1831 |
| 601 | |a Pneumatologie | ||
| 650 | 0 | |a Spirit |x History |y 19th century | |
| 689 | 0 | 0 | |d p |0 (DE-588)118547739 |0 (DE-627)133763331 |0 (DE-576)208952438 |2 gnd |a Hegel, Georg Wilhelm Friedrich |d 1770-1831 |
| 689 | 0 | 1 | |d s |0 (DE-588)4019830-3 |0 (DE-627)104658835 |0 (DE-576)208930884 |2 gnd |a Geist |
| 689 | 0 | |5 DE-101 | |
| 689 | 1 | 0 | |d p |0 (DE-588)118547739 |0 (DE-627)133763331 |0 (DE-576)208952438 |2 gnd |a Hegel, Georg Wilhelm Friedrich |d 1770-1831 |
| 689 | 1 | 1 | |d s |0 (DE-588)4019830-3 |0 (DE-627)104658835 |0 (DE-576)208930884 |2 gnd |a Geist |
| 689 | 1 | 2 | |d s |0 (DE-588)4045791-6 |0 (DE-627)106200259 |0 (DE-576)209066873 |2 gnd |a Philosophie |
| 689 | 1 | |5 (DE-627) | |
| 856 | 4 | 2 | |u http://www.loc.gov/catdir/description/prin031/91041996.html |v 2015-12-08 |x Verlag |3 Verlagsangaben |7 1 |
| 889 | |w (DE-627)277145805 | ||
| 935 | |a mteo |a IHoeB | ||
| 935 | |i Blocktest | ||
| 936 | r | v | |a CG 4077 |b Abhandlungen, Studien |k Philosophie |k Geschichte der Philosophie |k Geschichte der Philosophie des Abendlandes von Antike bis 20. Jahrhundert |k Philosophie des 19. Jahrhunderts |k Deutschland und deutschsprachige Gebiete |k Autoren |k Autoren H |k Hegel, Georg W. |k Abhandlungen, Studien |0 (DE-627)1270870351 |0 (DE-625)rvk/18223:11616 |0 (DE-576)200870351 |
| 951 | |a BO | ||
| ELC | |b 1 | ||
| ITA | |a 1 | ||
| LOK | |0 000 xxxxxcx a22 zn 4500 | ||
| LOK | |0 001 313093264X | ||
| LOK | |0 003 DE-627 | ||
| LOK | |0 004 110468562 | ||
| LOK | |0 005 20100408045938 | ||
| LOK | |0 008 050804||||||||||||||||ger||||||| | ||
| LOK | |0 040 |a DE-21-31 |c DE-627 |d DE-21-31 | ||
| LOK | |0 541 |e 7163 (herm) | ||
| LOK | |0 852 |a DE-21-31 | ||
| LOK | |0 852 1 |c Yh IV o 6 |m p |9 00 | ||
| LOK | |0 938 |k p | ||
| LOK | |0 939 |a 04-08-05 |b l01 | ||
| LOK | |0 000 xxxxxcx a22 zn 4500 | ||
| LOK | |0 001 3130932658 | ||
| LOK | |0 003 DE-627 | ||
| LOK | |0 004 110468562 | ||
| LOK | |0 005 20100406211311 | ||
| LOK | |0 008 050820||||||||||||||||ger||||||| | ||
| LOK | |0 040 |a DE-21-46 |c DE-627 |d DE-21-46 | ||
| LOK | |0 541 |e 93/799 | ||
| LOK | |0 689 |a s |0 1311362525 |a Geist | ||
| LOK | |0 852 |a DE-21-46 | ||
| LOK | |0 852 1 |c Ch 310/2501 |m p |9 00 | ||
| LOK | |0 935 |a k046 | ||
| LOK | |0 938 |k p | ||
| LOK | |0 939 |a 20-08-05 |b l01 | ||
| ORI | |a SA-MARC-ixtheoa001.raw | ||
| REL | |a 1 | ||
| STA | 0 | 0 | |a Philosophy,Philosophy in literature,Spirit |
| STB | 0 | 0 | |a Esprit,Philosophie,Philosophie |
| STC | 0 | 0 | |a Espíritu,Filosofía,Filosofía |
| STD | 0 | 0 | |a Filosofia,Filosofia,Spirito |
| STE | 0 | 0 | |a 哲学,灵,精神 |
| STF | 0 | 0 | |a 哲學,靈,精神 |
| STG | 0 | 0 | |a Espírito,Filosofia,Filosofia |
| STH | 0 | 0 | |a Дух,Философия (мотив),Философия |
| STI | 0 | 0 | |a Πνεύμα,Φιλοσοφία (μοτίβο),Φιλοσοφία |
| SUB | |a REL | ||
| SYA | 0 | 0 | |a Hegel, Georg Wilhelm Friederich,1770-1831,Hegel, Georg Wilhelm F.,1770-1831,Hegel, Georg W.,1770-1831,Hegel, Georg Vilhelm-Fridrix,1770-1831,Hegel, G. V. F.,1770-1831,Hegel, G.,1770-1831,Hegel, Wilhelm Friedrich Georg,1770-1831,Hegel, Wilhelm Friedrich,1770-1831,Hegel, Georg Friedrich Wilhelm,1770-1831,Hegel, G. F. W.,1770-1831,Hegel, G. Fr. W.,1770-1831,Hegel, György Vilmos Frigyes,1770-1831,Hegel, Jorge Guillermo Federico,1770-1831,Hegel, Giorgio G. F.,1770-1831,Hegel, Giorgio,1770-1831,Hegel, Geʾorg Ṿilhelm Fridrikh,1770-1831,Hegel, Georgius Wilhelmus Fridericus,1770-1831,Hegel, Georgius Wilhelmus,1770-1831,Hegel, Georgius Guilelmus Fridericus,1770-1831,Hegel, P'ŭridŭrihi,1770-1831,Hegel,1770-1831,Chegel, G. V. Fr.,1770-1831,Chenkel,1770-1831,Gegelʹ, G. V. F.,1770-1831,Gegelʹ, Fridrich,1770-1831,Gegelʹ, Georg Vilʹgelʹm Fridrich,1770-1831,Gegelj, Georg Vilʹgelʹm Fridrich,1770-1831,Hegeli, Georg Vilhelm Pʹridrix,1770-1831,Hėgelis, Georgas,1770-1831,Heġel', Ġeorġ Vil'hel'm Fridrich,1770-1831,Hēgeru, G. W. F.,1770-1831,Hēgeru,1770-1831,Hegelos,1770-1831,Egelos,1770-1831,Higil,1770-1831,Ḥīǧal,1770-1831,Hīġil, Ġiyūrġ Filhilm Fridrīš,1770-1831,Hīġil,1770-1831,Hīǧil,1770-1831,Hei ge er,1770-1831,Heigeer,1770-1831,Hēgeru,1770-1831,Hegel, Georg,1770-1831,Hegel, G. W. Friedrich,1770-1831,Hegel, G. W. F.,1770-1831,Hegel, Friedrich,1770-1831,Hegel, Georg Vilhelm Fridrih,1770-1831,Hegel, Georgius W.,1770-1831,Chegel,1770-1831,Chegel, Georg Vilchelm Fridrich,1770-1831,Chenkel, Gkeornk,1770-1831,Heige'er,1770-1831,Hegel, P'µuridµurihi,1770-1831,Gegel', G. V. F.,1770-1831,Gegel', Georg Vil'gel'm Fridrich,1770-1831,Hγegelis, Georgas,1770-1831,Hegel, Wilhelm F.,1770-1831,Higil, G. W. F.,1770-1831,Gegelʹ, Georg Vilʹgelm,1770-1831,Hegel, Federico Guillermo,1770-1831,Hegel, Geoleukeu Bilhelleum Peulideulihi,1770-1831,He gel, Ge o leu keu Bil hel leum Peu li deu li hi,1770-1831,Hehelʹ, Heorh Vilʹhelʹm Fridrich,1770-1831,Gegel',1770-1831,Hegel, G. W.,1770-1831,Haike'er,1770-1831,Hegeli, G. V. P̕.,1770-1831 |
| SYG | 0 | 0 | |a Hegel, Georg Wilhelm Friederich,1770-1831,Hegel, Georg Wilhelm F.,1770-1831,Hegel, Georg W.,1770-1831,Hegel, Georg Vilhelm-Fridrix,1770-1831,Hegel, G. V. F.,1770-1831,Hegel, G.,1770-1831,Hegel, Wilhelm Friedrich Georg,1770-1831,Hegel, Wilhelm Friedrich,1770-1831,Hegel, Georg Friedrich Wilhelm,1770-1831,Hegel, G. F. W.,1770-1831,Hegel, G. Fr. W.,1770-1831,Hegel, György Vilmos Frigyes,1770-1831,Hegel, Jorge Guillermo Federico,1770-1831,Hegel, Giorgio G. F.,1770-1831,Hegel, Giorgio,1770-1831,Hegel, Geʾorg Ṿilhelm Fridrikh,1770-1831,Hegel, Georgius Wilhelmus Fridericus,1770-1831,Hegel, Georgius Wilhelmus,1770-1831,Hegel, Georgius Guilelmus Fridericus,1770-1831,Hegel, P'ŭridŭrihi,1770-1831,Hegel,1770-1831,Chegel, G. V. Fr.,1770-1831,Chenkel,1770-1831,Gegelʹ, G. V. F.,1770-1831,Gegelʹ, Fridrich,1770-1831,Gegelʹ, Georg Vilʹgelʹm Fridrich,1770-1831,Gegelj, Georg Vilʹgelʹm Fridrich,1770-1831,Hegeli, Georg Vilhelm Pʹridrix,1770-1831,Hėgelis, Georgas,1770-1831,Heġel', Ġeorġ Vil'hel'm Fridrich,1770-1831,Hēgeru, G. W. F.,1770-1831,Hēgeru,1770-1831,Hegelos,1770-1831,Egelos,1770-1831,Higil,1770-1831,Ḥīǧal,1770-1831,Hīġil, Ġiyūrġ Filhilm Fridrīš,1770-1831,Hīġil,1770-1831,Hīǧil,1770-1831,Hei ge er,1770-1831,Heigeer,1770-1831,Hēgeru,1770-1831,Hegel, Georg,1770-1831,Hegel, G. W. Friedrich,1770-1831,Hegel, G. W. F.,1770-1831,Hegel, Friedrich,1770-1831,Hegel, Georg Vilhelm Fridrih,1770-1831,Hegel, Georgius W.,1770-1831,Chegel,1770-1831,Chegel, Georg Vilchelm Fridrich,1770-1831,Chenkel, Gkeornk,1770-1831,Heige'er,1770-1831,Hegel, P'µuridµurihi,1770-1831,Gegel', G. V. F.,1770-1831,Gegel', Georg Vil'gel'm Fridrich,1770-1831,Hγegelis, Georgas,1770-1831,Hegel, Wilhelm F.,1770-1831,Higil, G. W. F.,1770-1831,Gegelʹ, Georg Vilʹgelm,1770-1831,Hegel, Federico Guillermo,1770-1831,Hegel, Geoleukeu Bilhelleum Peulideulihi,1770-1831,He gel, Ge o leu keu Bil hel leum Peu li deu li hi,1770-1831,Hehelʹ, Heorh Vilʹhelʹm Fridrich,1770-1831,Gegel',1770-1831,Hegel, G. W.,1770-1831,Haike'er,1770-1831,Hegeli, G. V. P̕.,1770-1831 , Mind , Hegel, Georg Wilhelm Friederich,1770-1831,Hegel, Georg Wilhelm F.,1770-1831,Hegel, Georg W.,1770-1831,Hegel, Georg Vilhelm-Fridrix,1770-1831,Hegel, G. V. F.,1770-1831,Hegel, G.,1770-1831,Hegel, Wilhelm Friedrich Georg,1770-1831,Hegel, Wilhelm Friedrich,1770-1831,Hegel, Georg Friedrich Wilhelm,1770-1831,Hegel, G. F. W.,1770-1831,Hegel, G. Fr. W.,1770-1831,Hegel, György Vilmos Frigyes,1770-1831,Hegel, Jorge Guillermo Federico,1770-1831,Hegel, Giorgio G. F.,1770-1831,Hegel, Giorgio,1770-1831,Hegel, Geʾorg Ṿilhelm Fridrikh,1770-1831,Hegel, Georgius Wilhelmus Fridericus,1770-1831,Hegel, Georgius Wilhelmus,1770-1831,Hegel, Georgius Guilelmus Fridericus,1770-1831,Hegel, P'ŭridŭrihi,1770-1831,Hegel,1770-1831,Chegel, G. V. Fr.,1770-1831,Chenkel,1770-1831,Gegelʹ, G. V. F.,1770-1831,Gegelʹ, Fridrich,1770-1831,Gegelʹ, Georg Vilʹgelʹm Fridrich,1770-1831,Gegelj, Georg Vilʹgelʹm Fridrich,1770-1831,Hegeli, Georg Vilhelm Pʹridrix,1770-1831,Hėgelis, Georgas,1770-1831,Heġel', Ġeorġ Vil'hel'm Fridrich,1770-1831,Hēgeru, G. W. F.,1770-1831,Hēgeru,1770-1831,Hegelos,1770-1831,Egelos,1770-1831,Higil,1770-1831,Ḥīǧal,1770-1831,Hīġil, Ġiyūrġ Filhilm Fridrīš,1770-1831,Hīġil,1770-1831,Hīǧil,1770-1831,Hei ge er,1770-1831,Heigeer,1770-1831,Hēgeru,1770-1831,Hegel, Georg,1770-1831,Hegel, G. W. Friedrich,1770-1831,Hegel, G. W. F.,1770-1831,Hegel, Friedrich,1770-1831,Hegel, Georg Vilhelm Fridrih,1770-1831,Hegel, Georgius W.,1770-1831,Chegel,1770-1831,Chegel, Georg Vilchelm Fridrich,1770-1831,Chenkel, Gkeornk,1770-1831,Heige'er,1770-1831,Hegel, P'µuridµurihi,1770-1831,Gegel', G. V. F.,1770-1831,Gegel', Georg Vil'gel'm Fridrich,1770-1831,Hγegelis, Georgas,1770-1831,Hegel, Wilhelm F.,1770-1831,Higil, G. W. F.,1770-1831,Gegelʹ, Georg Vilʹgelm,1770-1831,Hegel, Federico Guillermo,1770-1831,Hegel, Geoleukeu Bilhelleum Peulideulihi,1770-1831,He gel, Ge o leu keu Bil hel leum Peu li deu li hi,1770-1831,Hehelʹ, Heorh Vilʹhelʹm Fridrich,1770-1831,Gegel',1770-1831,Hegel, G. W.,1770-1831,Haike'er,1770-1831,Hegeli, G. V. P̕.,1770-1831 , Mind , Philosophy,Philosophieren |



